| 000 | 02798nam a2200409 4500 | ||
|---|---|---|---|
| 999 |
_c6557 _d6557 |
||
| 003 | OSt | ||
| 005 | 20260421123907.0 | ||
| 008 | 190228c xxuf||p| |||| 00| 0 spa d | ||
| 020 | _a9789873047527 | ||
| 040 | _cPJ | ||
| 245 | 1 | 0 |
_aRevista de derecho procesal : _bConstitución y proceso. Balance de los 30 años de la reforma - I / _ceditor Roland Arazi...[et al.] |
| 260 |
_aSanta Fe: _bRubinzal-Culzoni, _c2024. |
||
| 300 |
_a579 p. _c23 cm. |
||
| 310 | _asemestral | ||
| 362 | _aNo. 1 (2023) | ||
| 505 |
_tCásicos y modernos del derecho procesal constitucional - tres decenios después de la reforma constitucional / _r Estela B. Sacristán. |
||
| 505 |
_tEl desembarco del estado constitucional de derecho con la reforma de 1994 / _rRoberto O. Berizonce. |
||
| 505 |
_tLa construcción de una sentencia constitucional en el control de constitucionalidad argentino / _rOsvaldo A. Gozaíni. |
||
| 505 |
_tImpacto de la reforma de 1994 de la constitución argentina y los tratados sobre derechos humanos - control de convencionalidad / _rJuan Carlos Hitters. |
||
| 505 |
_tLa protección judicial en la jurisprudencia interamericana / _rMaría Sofía Sagüés |
||
| 505 |
_tConstitución y división de poderes. la evolución de los atributos del juez ante la violación de los derechos humanos. las llamadas sentencias estructurales / _r Claudia E. Zalazar. |
||
| 505 |
_tEl consejo de la magistratura de la nación - a treinta años, muy mal llevados, de la reforma constitucional de 1994 / _rMauro Benente. |
||
| 505 |
_tEl caso judicial / _rÁngela Rosalía Mora y Víctor Rodolfo Trionfetti. |
||
| 505 |
_tJueces superiores y jueces inferiores / _rEnrique M. Falcón. |
||
| 505 |
_tA propósito de las resoluciones jurisdiccionales de equidad / _rJorge W .Peyrano. |
||
| 505 |
_tAntecedentes históricos de la acción de amparo - a 30 años de su constitucionalización / _rPablo Luis Manili. |
||
| 505 |
_t El amparo individual en argentina: proyecciones a treinta años de la sanción del artículo 43 de la constitución nacional / _rAlejandro C. Verdaguer. |
||
| 505 |
_tÁmbito de aplicación de la acción de hábeas data / _r Mario Masciotra. |
||
| 505 |
_tA 30 años de la constitucionalización del “habeas data” como acción de inconstitucionalidad en materia tributaria - a raíz de la ilegalidad de los sistemas de recaudación impositiva mediante percepciones / _r José Ignacio Bellorini. |
||
| 505 |
_tLa reforma constitucional y las emergencias / _rJorge A. Rojas. |
||
| 650 | 0 |
_9267 _aDERECHO PROCESAL |
|
| 700 |
_91980 _aArazi, Roland _edirector |
||
| 700 |
_9119 _aBerizonce, Roberto Omar _edirector |
||
| 700 |
_aFalcón, Enrique Manuel _edirector _9270 |
||
| 700 |
_92135 _aPeyrano, Jorge Walter _edirector |
||
| 942 |
_2udc _cPP _h347.9(05) _iREV |
||